|
|
|
|
| LEADER |
01516nam a2200253 a 4500 |
| 001 |
GR-Patra8178 |
| 008 |
991022s1988 gr b 001 0 gre|c |
| 040 |
|
|
|a GrPaTEI
|b gre
|c GR-PaULI
|
| 100 |
1 |
|
|a Fischer, Peter.
|
| 240 |
1 |
0 |
|a BASIC-Programme zur Statik und Festigkeitslehre.
|l Ελληνικά
|
| 245 |
1 |
0 |
|a Προγράμματα BASIC για στατική και αντοχή των υλικών /
|c Peter Fischer ; μετάφραση και επιμέλεια προγραμμάτων Δημοσθένης Αρχιμανδρίτης.
|
| 260 |
|
|
|a Αθήνα :
|b Μ. Γκιούρδας,
|c 1988.
|
| 300 |
|
|
|a 207 σ. :
|b πίν. ;
|c 24 εκ.
|
| 500 |
|
|
|a 24 προγράμματα για μικροϋπολογιστές με 78 σχήματα και 40 παραδείγματα.
|
| 500 |
|
|
|a Μετάφραση του: BASIC-Programme zur Statik und Festigkeitslehre.
|
| 504 |
|
|
|a Βιβλιογραφία: σ. 185 και ευρετήριο.
|
| 650 |
|
7 |
|a BASIC (Γλώσσα προγραμματισμού)
|2 lcsh/gre
|
| 650 |
|
7 |
|a Αντοχή των υλικών
|2 lcsh/gre
|
| 650 |
|
7 |
|a Στατική
|2 lcsh/gre
|
| 700 |
1 |
|
|a Αρχιμανδρίτης, Δημοσθένης
|e μεταφραστής
|e επιμελητής.
|
| 942 |
|
|
|2 ddc
|
| 952 |
|
|
|0 0
|1 0
|2 ddc
|4 0
|6 620_112028542400000_FIS
|7 0
|9 289264
|a LISK
|b LISK
|c BSC
|d 2021-01-17
|e 24
|f 0
|g 0.00
|l 0
|o 620.1120285424 FIS
|p 9241003217
|r 2021-01-17 00:00:00
|t 1
|w 2021-01-17
|y BK15
|x 19991024 0 1
|x GrPaTEI
|
| 971 |
|
|
|a .b26556935
|b 16-07-20
|c 23-09-16
|
| 999 |
|
|
|c 168806
|d 168806
|